000 00639nam a22001817a 4500
003 UA-OsUOA
001 16057
007 ta
008 20031218b un ||||| |||| 00| 0 ukr d
100 _aБабінець А.
942 _cSA
040 _aUA-OsUOA
_cUA-OsUOA
_dUA-OsUOA
245 _aСпалахнули єдиною свічкою старі й малі
_b[60 р. від дня знищення с.Борщівка Гощан. р-ну нім.-фашист. окупантами]
300 _aС.17
955 _a0
773 0 _w0
_tВільне слово
_dРівне
_d2003
_g№99/12 груд./
650 7 _aЗниклі села
_2UDC
999 _c302222
_d302222